<?xml version="1.0" encoding="UTF-8"?>
<marc:record xmlns:marc="http://www.loc.gov/MARC21/slim" type="Bibliographic">
   <marc:leader>00000pam a2200000 c 4500</marc:leader>
   <marc:controlfield tag="001">95581975X</marc:controlfield>
   <marc:controlfield tag="003">DE-101</marc:controlfield>
   <marc:controlfield tag="005">20171203061924.0</marc:controlfield>
   <marc:controlfield tag="007">tu</marc:controlfield>
   <marc:controlfield tag="008">990212s1999    gw ||||| m||| 00||||ger  </marc:controlfield>
   <marc:datafield ind1=" " ind2=" " tag="015">
      <marc:subfield code="a">99,A24,1308</marc:subfield>
      <marc:subfield code="z">99,N11,0510</marc:subfield>
      <marc:subfield code="2">dnb</marc:subfield>
   </marc:datafield>
   <marc:datafield ind1="7" ind2=" " tag="016">
      <marc:subfield code="2">DE-101</marc:subfield>
      <marc:subfield code="a">95581975X</marc:subfield>
   </marc:datafield>
   <marc:datafield ind1=" " ind2=" " tag="020">
      <marc:subfield code="a">9783422062405</marc:subfield>
      <marc:subfield code="c">Gewebe : DM 168.00, EUR 85.90, S 1226.00, sfr 149.00</marc:subfield>
      <marc:subfield code="9">978-3-422-06240-5</marc:subfield>
   </marc:datafield>
   <marc:datafield ind1=" " ind2=" " tag="020">
      <marc:subfield code="a">3422062408</marc:subfield>
      <marc:subfield code="c">Gewebe : DM 168.00, EUR 85.90, S 1226.00, sfr 149.00</marc:subfield>
      <marc:subfield code="9">3-422-06240-8</marc:subfield>
   </marc:datafield>
   <marc:datafield ind1=" " ind2=" " tag="035">
      <marc:subfield code="a">(DE-599)DNB95581975X</marc:subfield>
   </marc:datafield>
   <marc:datafield ind1=" " ind2=" " tag="035">
      <marc:subfield code="a">(OCoLC)722700821</marc:subfield>
   </marc:datafield>
   <marc:datafield ind1=" " ind2=" " tag="040">
      <marc:subfield code="a">1240</marc:subfield>
      <marc:subfield code="b">ger</marc:subfield>
      <marc:subfield code="c">DE-101</marc:subfield>
      <marc:subfield code="d">9999</marc:subfield>
   </marc:datafield>
   <marc:datafield ind1=" " ind2=" " tag="041">
      <marc:subfield code="a">ger</marc:subfield>
   </marc:datafield>
   <marc:datafield ind1=" " ind2=" " tag="043">
      <marc:subfield code="c">XA-AT-3</marc:subfield>
   </marc:datafield>
   <marc:datafield ind1=" " ind2=" " tag="044">
      <marc:subfield code="c">XA-DE</marc:subfield>
   </marc:datafield>
   <marc:datafield ind1=" " ind2=" " tag="084">
      <marc:subfield code="a">46</marc:subfield>
      <marc:subfield code="a">700</marc:subfield>
      <marc:subfield code="a">730</marc:subfield>
      <marc:subfield code="a">740</marc:subfield>
      <marc:subfield code="a">750</marc:subfield>
      <marc:subfield code="a">760</marc:subfield>
      <marc:subfield code="q">DE-101</marc:subfield>
      <marc:subfield code="2">sdnb</marc:subfield>
   </marc:datafield>
   <marc:datafield ind1=" " ind2=" " tag="084">
      <marc:subfield code="a">13.2</marc:subfield>
      <marc:subfield code="a">13.6</marc:subfield>
      <marc:subfield code="q">DE-101</marc:subfield>
      <marc:subfield code="2">sswd</marc:subfield>
   </marc:datafield>
   <marc:datafield ind1="1" ind2=" " tag="100">
      <marc:subfield code="0">(DE-588)120458381</marc:subfield>
      <marc:subfield code="0">http://d-nb.info/gnd/120458381</marc:subfield>
      <marc:subfield code="0">(DE-101)120458381</marc:subfield>
      <marc:subfield code="a">Krone-Balcke, Ulrike</marc:subfield>
      <marc:subfield code="d">1960-</marc:subfield>
      <marc:subfield code="e">Verfasser</marc:subfield>
      <marc:subfield code="4">aut</marc:subfield>
   </marc:datafield>
   <marc:datafield ind1="0" ind2="0" tag="245">
      <marc:subfield code="a">&#x98;Der&#x9c; Kefermarkter Altar</marc:subfield>
      <marc:subfield code="b">sein Meister und seine Werkstatt</marc:subfield>
      <marc:subfield code="c">Ulrike Krone-Balcke</marc:subfield>
   </marc:datafield>
   <marc:datafield ind1=" " ind2="1" tag="264">
      <marc:subfield code="a">München</marc:subfield>
      <marc:subfield code="a">Berlin</marc:subfield>
      <marc:subfield code="b">Dt. Kunstverl.</marc:subfield>
      <marc:subfield code="c">1999</marc:subfield>
   </marc:datafield>
   <marc:datafield ind1=" " ind2=" " tag="300">
      <marc:subfield code="a">VIII, 351 S.</marc:subfield>
      <marc:subfield code="b">zahlr. Ill., graph. Darst.</marc:subfield>
      <marc:subfield code="c">27 cm</marc:subfield>
   </marc:datafield>
   <marc:datafield ind1=" " ind2=" " tag="336">
      <marc:subfield code="a">Text</marc:subfield>
      <marc:subfield code="b">txt</marc:subfield>
      <marc:subfield code="2">rdacontent</marc:subfield>
   </marc:datafield>
   <marc:datafield ind1=" " ind2=" " tag="336">
      <marc:subfield code="a">unbewegtes Bild</marc:subfield>
      <marc:subfield code="b">sti</marc:subfield>
      <marc:subfield code="2">rdacontent</marc:subfield>
   </marc:datafield>
   <marc:datafield ind1=" " ind2=" " tag="337">
      <marc:subfield code="a">ohne Hilfsmittel zu benutzen</marc:subfield>
      <marc:subfield code="b">n</marc:subfield>
      <marc:subfield code="2">rdamedia</marc:subfield>
   </marc:datafield>
   <marc:datafield ind1=" " ind2=" " tag="338">
      <marc:subfield code="a">Band</marc:subfield>
      <marc:subfield code="b">nc</marc:subfield>
      <marc:subfield code="2">rdacarrier</marc:subfield>
   </marc:datafield>
   <marc:datafield ind1="1" ind2=" " tag="490">
      <marc:subfield code="a">Kunstwissenschaftliche Studien</marc:subfield>
      <marc:subfield code="v">Bd. 78</marc:subfield>
   </marc:datafield>
   <marc:datafield ind1=" " ind2=" " tag="502">
      <marc:subfield code="a">Zugl.: München, Univ., Diss., 1995</marc:subfield>
   </marc:datafield>
   <marc:datafield ind1=" " ind2="7" tag="650">
      <marc:subfield code="0">(DE-588)4179895-8</marc:subfield>
      <marc:subfield code="0">http://d-nb.info/gnd/4179895-8</marc:subfield>
      <marc:subfield code="0">(DE-101)041798953</marc:subfield>
      <marc:subfield code="a">Schnitzaltar</marc:subfield>
      <marc:subfield code="2">gnd</marc:subfield>
   </marc:datafield>
   <marc:datafield ind1=" " ind2="7" tag="651">
      <marc:subfield code="0">(DE-588)4404312-0</marc:subfield>
      <marc:subfield code="0">http://d-nb.info/gnd/4404312-0</marc:subfield>
      <marc:subfield code="0">(DE-101)947061363</marc:subfield>
      <marc:subfield code="a">Sankt Wolfgang</marc:subfield>
      <marc:subfield code="g">Kefermarkt</marc:subfield>
      <marc:subfield code="2">gnd</marc:subfield>
   </marc:datafield>
   <marc:datafield ind1=" " ind2="7" tag="655">
      <marc:subfield code="0">(DE-588)4113937-9</marc:subfield>
      <marc:subfield code="0">http://d-nb.info/gnd/4113937-9</marc:subfield>
      <marc:subfield code="0">(DE-101)041139372</marc:subfield>
      <marc:subfield code="a">Hochschulschrift</marc:subfield>
      <marc:subfield code="2">gnd-content</marc:subfield>
   </marc:datafield>
   <marc:datafield ind1="0" ind2="0" tag="689">
      <marc:subfield code="0">(DE-588)4404312-0</marc:subfield>
      <marc:subfield code="0">http://d-nb.info/gnd/4404312-0</marc:subfield>
      <marc:subfield code="0">(DE-101)947061363</marc:subfield>
      <marc:subfield code="D">g</marc:subfield>
      <marc:subfield code="a">Sankt Wolfgang</marc:subfield>
      <marc:subfield code="g">Kefermarkt</marc:subfield>
   </marc:datafield>
   <marc:datafield ind1="0" ind2="1" tag="689">
      <marc:subfield code="0">(DE-588)4179895-8</marc:subfield>
      <marc:subfield code="0">http://d-nb.info/gnd/4179895-8</marc:subfield>
      <marc:subfield code="0">(DE-101)041798953</marc:subfield>
      <marc:subfield code="D">s</marc:subfield>
      <marc:subfield code="a">Schnitzaltar</marc:subfield>
   </marc:datafield>
   <marc:datafield ind1="0" ind2=" " tag="689">
      <marc:subfield code="5">DE-101</marc:subfield>
      <marc:subfield code="5">DE-101</marc:subfield>
   </marc:datafield>
   <marc:datafield ind1=" " ind2="0" tag="830">
      <marc:subfield code="a">Kunstwissenschaftliche Studien</marc:subfield>
      <marc:subfield code="v">Bd. 78</marc:subfield>
      <marc:subfield code="w">(DE-101)012841390</marc:subfield>
      <marc:subfield code="w">(DE-600)530622-x</marc:subfield>
      <marc:subfield code="9">278</marc:subfield>
      <marc:subfield code="7">as</marc:subfield>
   </marc:datafield>
   <marc:datafield ind1=" " ind2=" " tag="850">
      <marc:subfield code="a">DE-101a</marc:subfield>
      <marc:subfield code="a">DE-101b</marc:subfield>
   </marc:datafield>
   <marc:datafield ind1="r" ind2=" " tag="925">
      <marc:subfield code="a">ra</marc:subfield>
   </marc:datafield>
</marc:record>
